| 000 | 00540cam a2200193 4500 | ||
|---|---|---|---|
| 001 | BIIH005925 | ||
| 008 | 1994 spa | ||
| 020 | _a968-16-4539-1 | ||
| 035 | _aBIIH005925 | ||
| 050 | 4 |
_aF1261 _b.5 A25 1994 |
|
| 100 | 1 | _aAboites, Luis | |
| 245 | 0 |
_aBreve historia de Chihuahua / _cLuis Aboites. |
|
| 260 |
_aMéxico : _bFondo de Cultura Económica, _c1994 |
||
| 300 |
_a186 p. ; _c23 cm. |
||
| 500 | _a1 ejemplar | ||
| 504 | _aBibliografía: p. 177-184 | ||
| 505 | _aProyecto FOMES 2000 | ||
| 942 |
_2lcc _cLIB |
||
| 999 |
_c85988 _d85988 |
||